Vista normal Vista MARC

Entrada Materia (personas)

Número de registros utilizados en: 1

001 - CONTROL NUMBER

  • control field: 61882

003 - CONTROL NUMBER IDENTIFIER

  • control field: Co-BoUCM

005 - DATE AND TIME OF LATEST TRANSACTION

  • control field: 20140528132052.0

008 - FIXED-LENGTH DATA ELEMENTS

  • fixed length control field: 140528|| aca||aabn | a|a d

040 ## - CATALOGING SOURCE

  • Original cataloging agency: Co-BoUCM
  • Transcribing agency: Co-BoUCM

100 ## - HEADING--PERSONAL NAME

  • Personal name: Soranzo, Niccolò,‏ ‎
  • Dates associated with a name: c1476-1564‏

670 ## - SOURCE DATA FOUND

  • Source citation: Work cat.: (Co-BoUCM)0: Zabarella, Francesco, 1360-1417 61880, Francisci Zabarellae in Clementinarum volumen Commentaria,, 1602